| 000 | 01065nam a2200277 a 4500 | ||
|---|---|---|---|
| 001 | 78425 | ||
| 003 | BD-RjUL | ||
| 005 | 20211209083128.0 | ||
| 008 | 210920s2006 bg a|||| m||| 00| 0 eng d | ||
| 035 | _a(BD-RjUL)78651 | ||
| 040 |
_aBD-RjUL _beng _cBD-RjUL _dBD-RjUL |
||
| 041 | _aeng | ||
| 082 |
_a155.2 _bSUE 2006 _223 |
||
| 099 | _a154.2 /155.2 | ||
| 100 |
_aSultana, Mst. Jahanara _9248210 |
||
| 245 | 1 | 0 |
_aEgo-Identity Status as Related to manifest Anxiety : _bA Study on Undergraduate Female Students of Rajshahi University / _csubmitted by Mst. Jahanara Sultana ; _6Supervisor : Md. Abdul Latif |
| 260 |
_aRajshahi : _bDepartment, of Psychology, University of Rajshahi, _c2006 |
||
| 300 |
_axiii, 155 Leaves : _bill. ; _c30 cm. |
||
| 502 | _aThesis (M. Phil.) -- Department, of Psychology, University of Rajshahi, 2006 | ||
| 504 | _aReferences : Leaves 100 - 127 | ||
| 650 |
_aIdentity (Psychology) _9248327 |
||
| 650 |
_aPsychiatry _9248328 |
||
| 650 |
_aEgo (Psychology) _9248329 |
||
| 700 |
_aLatif, Md. Abdul Supervisor _9248212 |
||
| 942 |
_2ddc _cTHE |
||
| 999 |
_c78425 _d78425 |
||